| 000 | 00335 a2200133 4500 | ||
|---|---|---|---|
| 001 | 63663 | ||
| 082 | _a629.132 ABB | ||
| 090 |
_c37663 _d37663 |
||
| 100 | _aIra, Abbott H | ||
| 245 |
_aTheory of Wing Sections _hEnglish _cAbbott H Ira |
||
| 260 |
_aNY _bDover Publications _c1959 |
||
| 300 | _b693p | ||
| 500 | _aBE textbook Avionics | ||
| 942 |
_aNUST-CAE _k629.132 ABB |
||
| 999 |
_c298736 _d298736 |
||